00270nam a2200097Ia 4500008004100000082001500041100002200056245004400078260003200122300001800154230907s9999||||xx |||||||||||||| ||und|| a333.79,HON aHong, Wei Chiang. 0aIntelligent energy demand forecasting / aSpringer,bNew York :c2013 axiii, 189 p.: